| 000 | 00346nam a2200133Ia 4500 | ||
|---|---|---|---|
| 008 | 220217s9999||||xx |||||||||||||| ||und|| | ||
| 020 | _a81-259-1421-8 | ||
| 082 | _a624 BHA | ||
| 100 | _aBavikatti, S.S | ||
| 245 | 0 | _aElements of civil engineering | |
| 260 |
_aVikas publishing house _bNew Delhi _c2003 |
||
| 300 | _b120 | ||
| 650 | _aCIVIL | ||
| 999 |
_c170529 _d170529 |
||